000 00391nam a22001097a 4500
040 _cSY
082 _a632
100 _aនុត​ ចន្ថា
245 _aសេចក្ដីព្រាងច្បាប់ស្ដីពី ការគ្រប់គ្រងថ្នាំកសិកម្មនិងជីកសិកម្ម
260 _aNA
_bនុត​
_cNA
942 _cKB
999 _c9793
_d9793